| 000 | 00797nam a2200217Ia 4500 | ||
|---|---|---|---|
| 999 |
_c51559 _d51559 |
||
| 001 | 18550 | ||
| 003 | GE_BSU | ||
| 005 | 20211202115919.0 | ||
| 008 | 181216s2011||||enk|||||||||||||| ||eng|| | ||
| 020 | _a9789994125838 | ||
| 040 | _cGE_BSU | ||
| 080 | _a32.001 I-34 | ||
| 245 |
_cEdited by: Alexander Iskandaryan. _aIdentities, Ideologies & Institutions 2001-2011 : _bA Decade of Insight into the Caucasus / |
||
| 264 |
_aYerevan : _bCaucasus institute, _c2011. |
||
| 300 |
_a231 p; _b22 cm. |
||
| 653 | _aIdentities, Ideologies & Institutions 2001-2011 | ||
| 653 | _aვინაობა, იდეოლოგიის და ინსტიტუტები | ||
| 653 | _aპოლიტიკა | ||
| 700 |
_aIskandaryan, Alexander _eრედაქტორი _913145 |
||
| 942 |
_cBK _2udc |
||